000 00665nam a2200217 a 4500
003 OSt
005 20151021174446.0
008 020226s1985 esp 0001 spa d
020 _a84-322-2036-1
040 _cBMC
082 _a823
100 1 _aThomas, Dylan
_929618
_d1914-1953
245 1 0 _aRetrato del artista cachorro
_cDylan Thomas; [traducción, Juan Angel Cotta]
260 _aBarcelona
_bSeix Barral
_c1985
300 _a181 p., [2] h.
_c19 cm
490 0 _aLiteratura contemporánea
_v32
546 _aTraducción de: Portrait of the artist as a young doc
650 2 4 _911162
_aNovela inglesa
700 1 _aCotta, Juan Angel
_936767
942 _2ddc
_cBK
999 _c22952
_d22952